Quiz geograficzny cz.2 - Statystyki

Ogólne statystyki
  • Ten quiz został rozwiązany 58 razy
  • Średni wynik to 4 z 8
Statystyki odpowiedzi
Zagadnienie Odpowiedź % Poprawnych
Jaki klimat ma Polska? Klimat umiarkowany ciepły przejściowy
100%
Jaka rzeka przepływa przez Londyn? Tamiza
100%
Pod jakim kątem nachylona jest oś ziemska do płaszczyzny orbity? 66 stopni 34'
50%
Jaka planeta znajduje się najbliżej Słońca? Merkury
50%
Turcja jest społeczeństwem Młodym
50%
W jakim Landzie w Niemczech znajduję się Zagłębie Ruhry? Nadrenia Północna-Westfalia
50%
Na ile stref czasowych podzielono kulę ziemską? 24
0%
Jaką powierzchnię ma Monako? 2 km kwadratowe
0%
Nie znaleziono quizów pasujących do podanych kryteriów
Rozkład punktacji
Procent ludzi z każdym wynikiem
Percentyl według liczby udzielonych odpowiedzi
Twoja historia wyników
Nie rozwiązałeś tego quizu